Library Banner

Human embryology and developmental biology / (Record no. 120579)

MARC details
000 -LEADER
fixed length control field 00624cam a2200217 i 4500
001 - CONTROL NUMBER
control field 20710436
005 - DATE AND TIME OF LATEST TRANSACTION
control field 20201204120703.0
008 - FIXED-LENGTH DATA ELEMENTS--GENERAL INFORMATION
fixed length control field 181018s2019 moua b 001 0 eng
020 ## - INTERNATIONAL STANDARD BOOK NUMBER
International Standard Book Number 9780323523752
040 ## - CATALOGING SOURCE
Transcribing agency PK-LaUMT
082 00 - DEWEY DECIMAL CLASSIFICATION NUMBER
Classification number 612.64
Edition number 23
Item number CAR-H
100 1# - MAIN ENTRY--PERSONAL NAME
Personal name Carlson, Bruce M.
245 10 - TITLE STATEMENT
Title Human embryology and developmental biology /
Statement of responsibility, etc by Bruce M. Carlson
250 ## - EDITION STATEMENT
Edition statement 6th ed.
260 ## - PUBLICATION, DISTRIBUTION, ETC. (IMPRINT)
Place of publication, distribution, etc Missori :
Name of publisher, distributor, etc Elsevier,
Date of publication, distribution, etc 2019
300 ## - PHYSICAL DESCRIPTION
Extent xi, 480 p. :
Other physical details illustrations (chiefly color) ;
Dimensions 28 cm
650 #0 - SUBJECT ADDED ENTRY--TOPICAL TERM
Topical term or geographic name as entry element Embryology, Human.
650 #0 - SUBJECT ADDED ENTRY--TOPICAL TERM
Topical term or geographic name as entry element Developmental biology.
650 #0 - SUBJECT ADDED ENTRY--TOPICAL TERM
Topical term or geographic name as entry element Human growth.
942 ## - ADDED ENTRY ELEMENTS (KOHA)
Koha item type Books
Holdings
Withdrawn status Lost status Damaged status Home library Current library Date acquired Full call number Barcode Date last seen Price effective from Koha item type
      UMT Health Sciences Campus UMT Health Sciences Campus 2020-12-04 612.64 CAR-H 134613 2020-12-04 2020-12-04 Books